| 000 | 00920cab a22002055a 4500 | ||
|---|---|---|---|
| 001 | L144657 | ||
| 008 | 080804s2008 xxkad f s 000 0 eng d | ||
| 035 | _a(Sirsi) u144657 | ||
| 041 | 0 | _aeng | |
| 100 | 1 | _aFreund, Steven | |
| 245 | 0 | 4 | _aThe construction of real estate indices |
| 260 | _c2008 | ||
| 490 | 0 |
_aReal Estate Review _v37(2) 2008, 39-47(9) |
|
| 520 | _aReviews the literature on real estate indices. Shows how to construct real estate indices focused on Real estate or real estate investment trusts from the Centre for Research in Security Prices (CRSP). Compares the constructed indices to the overall CRSP equal-weighted, value-weighted indices and with shareholder returns to Fannie Mae and Freddie Mac. Discusses the results. | ||
| 590 | _aKA | ||
| 651 | 4 | _aInternational | |
| 690 | _aPROPERTY-PROPERTY FINANCE AND INVESTMENT-REAL ESTATE INVESTMENT TRUSTS | ||
| 700 | 1 | _aYuxing, Yan | |
| 942 | _n0 | ||
| 999 |
_c80535 _d80535 |
||